India Unlimited Reclaiming the lost glory (Record no. 13053)
[ view plain ]
| 000 -LEADER | |
|---|---|
| fixed length control field | 00346nam a22001457a 4500 |
| 003 - CONTROL NUMBER IDENTIFIER | |
| control field | OSt |
| 008 - FIXED-LENGTH DATA ELEMENTS--GENERAL INFORMATION | |
| fixed length control field | 250129b |||||||| |||| 00| 0 eng d |
| 020 ## - INTERNATIONAL STANDARD BOOK NUMBER | |
| International Standard Book Number | 9789353576660 |
| 100 ## - MAIN ENTRY--PERSONAL NAME | |
| Personal name | PANAGARIYA,Arvind |
| 245 ## - TITLE STATEMENT | |
| Title | India Unlimited Reclaiming the lost glory |
| 250 ## - EDITION STATEMENT | |
| Edition statement | - |
| 260 ## - PUBLICATION, DISTRIBUTION, ETC. (IMPRINT) | |
| Place of publication, distribution, etc | UK |
| Name of publisher, distributor, etc | Harper collins |
| Date of publication, distribution, etc | - |
| 300 ## - PHYSICAL DESCRIPTION | |
| Extent | 371 |
| 942 ## - ADDED ENTRY ELEMENTS (KOHA) | |
| Source of classification or shelving scheme | Dewey Decimal Classification |
| Koha item type | Text Books |
| Withdrawn status | Lost status | Source of classification or shelving scheme | Damaged status | Not for loan | Collection code | Home library | Current library | Date acquired | Source of acquisition | Currency | Cost, normal purchase price | Bill Number | Total Checkouts | Full call number | Acc. no. / Barcode | Date last seen | Actual Cost, discounted price | Bill Date | Koha item type | Public note |
|---|---|---|---|---|---|---|---|---|---|---|---|---|---|---|---|---|---|---|---|---|
| Dewey Decimal Classification | MBA | PIET C-LIBRARY | PIET C-LIBRARY | 13/10/2024 | Sarat Book House | INR | 850.00 | DLH/SBD/51/2024-2025 | 338.954 PAI | 38635 | 29/01/2025 | 637.50 | 13/10/2024 | Text Books | Decentralization |